000 00279nam a2200109Ia 4500
005 20251222114343.0
008 251222s1900||||xx |||||||||||||| ||spa||
082 _aDVD0124/B48/1999
245 0 _aClapton Chronicles: The Best of Eric Clapton
264 _bReprise Records
942 _cDVD
999 _c948
_d948